[Event "46th Ilmar Raua Memorial"]
[Site "Vaksali EST"]
[Date "2012.07.07"]
[Round "2"]
[White "Soot,M"]
[Black "Volodin,Alek"]
[Result "1-0"]
[WhiteElo "2109"]
[BlackElo "2498"]

1.e4 c5 2.Nf3 e6 3.d4 cxd4 4.Nxd4 Nc6 5.Nc3 Qc7 6.g3 a6 7.Bg2 Nf6 8.O-O Be7
9.Nb3 O-O 10.f4 d5 11.e5 Nd7 12.Be3 b6 13.Ne2 Nc5 14.Ned4 Bb7 15.Nxc6 Bxc6
16.Nd4 Bb7 17.Qg4 Rfe8 18.Rad1 g6 19.h4 h5 20.Qf3 Kg7 21.f5 exf5 22.Nxf5+ gxf5
23.Qxh5 Bc8 24.Bxd5 Be6 25.Rxf5 Bxd5 26.Bh6+ Kg8 27.Rg5+  1-0

[Event "7th Wroclaw Open A"]
[Site "Wroclaw POL"]
[Date "2012.07.07"]
[Round "6.16"]
[White "Markowski,P"]
[Black "Grela,K"]
[Result "1-0"]
[WhiteElo "2199"]
[BlackElo "1875"]

1.e4 c5 2.Nf3 Nc6 3.d4 cxd4 4.Nxd4 e6 5.Nc3 Qc7 6.Be3 a6 7.Bd3 Nf6 8.O-O Nxd4
9.Bxd4 Bc5 10.Bxc5 Qxc5 11.Kh1 O-O 12.f4 d6 13.Qf3 e5 14.f5 b5 15.g4 b4 16.g5 Nd7
17.Nd5 Bb7 18.Ne7+ Kh8 19.f6 Rad8 20.Qh5 gxf6 21.g6 fxg6 22.Nxg6+ Kg7 23.Rg1 f5
24.Nxf8+ Kxf8 25.Qh6+ Ke7 26.Rg7+ Kf8 27.Rxh7+  1-0

[Event "6th LCT GpA 2012"]
[Site "Leiden NED"]
[Date "2012.07.08"]
[Round "3.15"]
[White "Rodvik,Trym Daniel"]
[Black "Admiraal,M"]
[Result "0-1"]
[WhiteElo "1920"]
[BlackElo "2286"]

1.e4 c5 2.Nf3 e6 3.d4 cxd4 4.Nxd4 Nc6 5.Nc3 Qc7 6.Be3 a6 7.Bd3 Nf6 8.O-O Ne5
9.h3 Bc5 10.Qe1 Ng6 11.Kh1 d6 12.f4 Bd7 13.f5 Ne5 14.Qg3 O-O 15.Bh6 Nh5 16.Qg5 Bxd4
17.Qxh5 gxh6 18.f6 Kh8 19.Qxh6 Rg8 20.Rf4 Be3 21.Raf1 Rg6 22.Qh5 Bxf4 23.Rxf4 Qd8
24.Qh4 Bb5 25.Be2 Bxe2 26.Nxe2 Nd7  0-1

[Event "34th Oberwart Open A"]
[Site "Oberwart AUT"]
[Date "2012.07.08"]
[Round "2.2"]
[White "Zelcic,R"]
[Black "Papp,T1"]
[Result "1-0"]
[WhiteElo "2554"]
[BlackElo "2286"]

1.e4 c5 2.Nf3 e6 3.d4 cxd4 4.Nxd4 Nc6 5.Nc3 Qc7 6.Be2 a6 7.O-O Nf6 8.a4 Bb4
9.Nxc6 dxc6 10.Bd3 e5 11.f4 Ng4 12.Qf3 Qe7 13.g3 exf4 14.gxf4 Bc5+ 15.Kg2 O-O
16.h3 Nf6 17.e5 Nd7 18.Ne4 f5 19.Bc4+ Kh8 20.Nxc5 Nxc5 21.Qa3 Re8 22.Be3 Ne4
23.Qxe7 Rxe7 24.Rfd1 Be6 25.Bxe6 Rxe6 26.Rd7 Rg6+ 27.Kh2 Rg3 28.Bb6 g5 29.e6 gxf4
30.e7 Re8 31.Rd8  1-0

[Event "2nd Polugaevsky Mem"]
[Site "Samara RUS"]
[Date "2012.07.08"]
[Round "4.18"]
[White "Predke,A"]
[Black "Khanin,S"]
[Result "1-0"]
[WhiteElo "2464"]
[BlackElo "2221"]

1.e4 c5 2.Nf3 e6 3.d4 cxd4 4.Nxd4 Nc6 5.Nc3 Qc7 6.Be3 a6 7.Be2 Nf6 8.O-O Bb4
9.Na4 O-O 10.Nxc6 bxc6 11.Nb6 Rb8 12.Nxc8 Rfxc8 13.Bxa6 Rf8 14.Bd3 Bd6 15.h3 Bf4
16.Bc5 d6 17.Bd4 e5 18.Bc3 d5 19.Qe1 Nd7 20.b3 f5 21.f3 fxe4 22.fxe4 Nf6
23.g3 Bh6 24.Kg2 Rbe8 25.Qe2 Qa7 26.a4 Qc5 27.Bb2 Rf7 28.a5 Rd7 29.Rxf6 gxf6
30.Qh5 Qf8 31.Ba3 c5 32.Bxc5 Qxc5 33.Qxe8+  1-0

[Event "2nd Polugaevsky Mem"]
[Site "Samara RUS"]
[Date "2012.07.08"]
[Round "4.2"]
[White "Smirnov,P"]
[Black "Geller,J"]
[Result "1-0"]
[WhiteElo "2592"]
[BlackElo "2555"]

1.e4 c5 2.Nf3 e6 3.d4 cxd4 4.Nxd4 Nc6 5.Nc3 Qc7 6.Be2 a6 7.O-O Nf6 8.Be3 Be7
9.f4 d6 10.Qe1 O-O 11.Qg3 Nxd4 12.Bxd4 b5 13.a3 Bb7 14.Rae1 Rad8 15.Kh1 Rd7
16.Bd3 Re8 17.Re2 Qd8 18.Qh3 Bf8 19.a4 e5 20.Bf2 b4 21.Nd5 Nxd5 22.exd5 g6
23.Bh4 Be7 24.Bxe7 Rexe7 25.f5 Bxd5 26.Bxa6 Bc6 27.Qh4 Bxa4 28.Re3 e4 29.Rh3 h5
30.fxg6 fxg6 31.Qg5 Re5 32.Bc4+ Kg7 33.Rf7+ Rxf7 34.Qxd8 Rd5 35.g4 Rd1+ 36.Kg2 Rd2+
37.Kg3 d5 38.Qg5 Rd1 39.Qe5+ Kh7 40.Be2 Re1 41.Qxd5 Be8 42.Qxe4 Kh6 43.Qe3+  1-0

[Event "Int Open ch-SVK 2012"]
[Site "Banska Stiavnica SVK"]
[Date "2012.07.09"]
[Round "3.1"]
[White "Bokros,A"]
[Black "Babula,V"]
[Result "0-1"]
[WhiteElo "2454"]
[BlackElo "2585"]

1.e4 c5 2.Nf3 Nc6 3.d4 cxd4 4.Nxd4 e6 5.Nc3 d6 6.Be2 Nf6 7.O-O Be7 8.Kh1 O-O
9.f4 Bd7 10.Nb3 Rc8 11.Be3 a6 12.a4 Na5 13.Nxa5 Qxa5 14.Bd3 Bc6 15.Qd2 Rfe8
16.Rae1 Qb4 17.e5 dxe5 18.fxe5 Nd7 19.Qe2 Nxe5 20.Bxh7+ Kxh7 21.Qh5+ Kg8
22.Qxe5 Qg4 23.Re2 f6 24.Qf4 Qxf4 25.Rxf4 e5 26.Rf1 Red8 27.Kg1 Be8 28.Ra1 Rc4
29.Bb6 Rd7 30.a5 Bb4 31.Re4 Rxe4 32.Nxe4 Bg6 33.Nc5 Rd2 34.Nd3 Bxd3 35.cxd3 Rxd3
36.Rc1 Rd2 37.Rc8+ Kh7 38.Rc7 Rxb2 39.Rxb7 Bxa5  0-1

[Event "FSIM July 2012"]
[Site "Budapest HUN"]
[Date "2012.07.09"]
[Round "3.2"]
[White "Farago,S"]
[Black "Xu,Yi"]
[Result "0-1"]
[WhiteElo "2266"]
[BlackElo "2165"]

1.e4 c5 2.Nf3 e6 3.d4 cxd4 4.Nxd4 Nc6 5.Nc3 Qc7 6.Be3 a6 7.Qd2 Nf6 8.f3 Bb4
9.O-O-O Ne5 10.a3 Bxc3 11.Qxc3 Qxc3 12.bxc3 d5 13.exd5 Nxd5 14.Bd2 b5 15.Re1 Nc4
16.Bxc4 bxc4 17.Nf5 O-O 18.Nd6 Bd7 19.Nxc4 Rfc8 20.Re4 Bb5 21.Ne3 Nxc3 22.Bxc3 Rxc3
23.Kb2 Rac8 24.f4 Bc6 25.Kxc3 Bxe4+ 26.Kb3 Rb8+ 27.Ka4 f5 28.Rc1 Rb5 29.c4 Rb2
30.Rc3 e5 31.g3 exf4 32.gxf4 Rxh2 33.c5 Rh3 34.Ka5 h6 35.Kxa6 g5 36.fxg5 hxg5
37.Kb5 f4 38.Nd5 Rh6 39.Kc4 f3 40.Ne3 f2 41.Kd4 Rh4 42.Rc1 Bc6+ 43.Kc3 Bb5
44.Kd2 Rd4+ 45.Kc2 g4 46.c6 Bxc6 47.Kc3 Rf4 48.Kd2 Bb5 49.a4 Rd4+ 50.Kc2 Rxa4
51.Rb1 Re4 52.Ng2 f1=Q  0-1

[Event "119th ch-SCO 2012"]
[Site "Glasgow SCO"]
[Date "2012.07.09"]
[Round "3.4"]
[White "Swan,I"]
[Black "Hera,I"]
[Result "0-1"]
[WhiteElo "2259"]
[BlackElo "2568"]

1.e4 c5 2.Nf3 e6 3.Nc3 Nc6 4.d4 cxd4 5.Nxd4 Qc7 6.Ndb5 Qb8 7.Be3 a6 8.Bb6 axb5
9.Nxb5 Bb4+ 10.c3 Ba5 11.Nc7+ Qxc7 12.Bxc7 Bxc7 13.Qg4 g6 14.Bc4 Nge7 15.Qe2 O-O
16.O-O f5 17.f3 Kg7 18.a4 b6 19.Bb5 Bb7 20.Rad1 Rad8 21.b4 Ng8 22.Qc4 Bb8
23.Bxc6 Bxc6 24.b5 Ba8 25.Qd4+ Nf6 26.Qxb6 fxe4 27.fxe4 Be5 28.c4 Bxe4 29.a5 Rc8
30.Rc1 Bb2 31.a6 Bd3 32.a7 Bxf1 33.Rxf1 Rxc4 34.Qb7 Bd4+ 35.Kh1 Ra4 36.b6 Nd5
37.Qxd7+ Kh6 38.Rd1 Nxb6 39.Qb7 Ra8 40.g3 R8xa7 41.Qe4 Bc5 42.Qxe6 Ra1 43.Rxa1 Rxa1+
44.Kg2 Rd1 45.h4 Nd5 46.Qe5 Ne3+ 47.Kf3 Rf1+ 48.Ke4 Rf5 49.Qc7 Nd5 50.Qb8 Nf6+
51.Kd3 Bd6 52.Kd4  0-1

[Event "87th ch-Paris IdF Open"]
[Site "Paris FRA"]
[Date "2012.07.09"]
[Round "3.11"]
[White "Renet,O"]
[Black "Rindlisbacher,L"]
[Result "1-0"]
[WhiteElo "2472"]
[BlackElo "2266"]

1.e4 c5 2.Nf3 e6 3.d4 cxd4 4.Nxd4 Nc6 5.Nc3 d6 6.Be3 Nf6 7.Qd2 Be7 8.f3 O-O
9.O-O-O d5 10.Be2 dxe4 11.Nxc6 bxc6 12.Qxd8 Rxd8 13.Rxd8+ Bxd8 14.Rd1 Bc7
15.Nxe4 Nxe4 16.fxe4 Kf8 17.h3 Ke8 18.Bc4 a5 19.Bd4 e5 20.Bc5 Ba6 21.Bxf7+ Kxf7
22.Rd7+ Kg8 23.Rxc7 Bf1 24.Rxc6 Bxg2 25.h4 Bxe4 26.Re6 Kf7 27.Rxe5 Re8 28.Rxe8 Kxe8
29.a4 Bc6 30.b3 h6 31.Bb6 g5 32.hxg5 hxg5 33.Bxa5 g4 34.Be1 Kd7 35.Kd2 Kc7
36.Kc3 Kb6 37.Kb4 Be4 38.Bf2+ Ka6 39.c3 Bd5 40.Ka3 Be6 41.b4 Bc4 42.b5+ Ka5
43.Bg3 Kb6 44.Kb4 Be6 45.c4 Bf7 46.c5+ Kb7 47.c6+ Ka8 48.b6  1-0

[Event "2nd Polugaevsky Mem"]
[Site "Samara RUS"]
[Date "2012.07.09"]
[Round "5.9"]
[White "Geller,J"]
[Black "Predke,A"]
[Result "1/2-1/2"]
[WhiteElo "2555"]
[BlackElo "2464"]

1.e4 c5 2.Nf3 e6 3.d4 cxd4 4.Nxd4 Nc6 5.Nc3 Qc7 6.Be3 a6 7.Qd2 Nf6 8.O-O-O Be7
9.f3 O-O 10.g4 b5 11.g5 Nh5 12.Kb1 Rb8 13.Nce2 Ne5 14.Ng3 Nc4 15.Bxc4 bxc4
16.c3 Nxg3 17.hxg3 Ba3 18.b4 cxb3 19.axb3 f6 20.Qh2 Qxc3 21.Ka2 e5 22.Rd3 Qxd3
23.Qxh7+ Kf7 24.gxf6 exd4 25.Qh5+ g6 26.Qd5+ Ke8 27.Qe5+ Kd8 28.Qa5+ Ke8
29.Qe5+ Kf7 30.Qd5+ Ke8 31.Qe5+  1/2-1/2

[Event "2nd Polugaevsky Mem"]
[Site "Samara RUS"]
[Date "2012.07.09"]
[Round "5.38"]
[White "Sazonova,E"]
[Black "Maslova,Polina"]
[Result "1-0"]
[WhiteElo "2159"]
[BlackElo "1824"]

1.e4 c5 2.Nf3 Nc6 3.Nc3 e6 4.d4 cxd4 5.Nxd4 Nf6 6.Nxc6 bxc6 7.Bd3 d5 8.O-O Be7
9.Re1 O-O 10.Bf4 a6 11.Qf3 Nd7 12.Rad1 d4 13.Na4 e5 14.Bd2 c5 15.Qe2 Bb7
16.b3 Bd6 17.Nb2 Nb6 18.a4 Bc7 19.a5 Nc8 20.Nc4 Re8 21.Rf1 f5 22.Qe1 f4 23.Qe2 Rf8
24.f3 Qe7 25.Qe1 Nd6 26.b4 Nxc4 27.Bxc4+ Kh8 28.Rb1 Bd6 29.b5 axb5 30.Bxb5 Ba6
31.Qe2 Bxb5 32.Qxb5 Rab8 33.Qc4 Qc7 34.a6 Ra8 35.Rb3 Qc6 36.Ra1 Rfb8 37.Ra5 Rxb3
38.cxb3 Qb6 39.Qf7 h6 40.Qb7 Qa7 41.Kf1 Kh7 42.Ke2 Kg6 43.Qxa7 Rxa7 44.Kd3  1-0

[Event "7th Wroclaw Open A"]
[Site "Wroclaw POL"]
[Date "2012.07.09"]
[Round "8.5"]
[White "Malisauskas,V"]
[Black "Cyborowski,L"]
[Result "1/2-1/2"]
[WhiteElo "2460"]
[BlackElo "2555"]

1.e4 c5 2.Nf3 e6 3.d4 cxd4 4.Nxd4 Nc6 5.Nc3 Qc7 6.Be3 Nf6 7.Be2 Be7 8.O-O O-O
9.f4 d6 10.Kh1 Nxd4 11.Qxd4 b6 12.f5 Bd7 13.a4 Rfc8 14.Ba6 Rd8 15.h3 Bc6
16.fxe6 fxe6 17.Bf4 Kh8 18.Qd3 Nd7 19.b4 e5 20.Be3 Nf6 21.Bg5 Ng8 22.Rf7 Rd7
23.Nb5 Qd8 24.Bxe7 Nxe7 25.Raf1 Ng6 26.Rxd7 Qxd7 27.Nxd6 Nf4 28.Rxf4 exf4
29.b5 Bxe4 30.Nxe4 Qe7 31.Qf3 Re8 32.Nf2 Qc7 33.Bb7 Re1+ 34.Kh2 Re3 35.Qc6 Qb8
36.Ng4 Re7 37.Qc8+ Qxc8 38.Bxc8 h5 39.Nf2 Re2 40.Kg1 Re1+ 41.Kh2 Re2 42.Kg1 Rxc2
43.Bf5 Rc1+ 44.Kh2 Rc4 45.Bg6 h4 46.Nd3 Rxa4 47.Ne5 Rd4 48.Nc6 Rd2 49.Kg1 Ra2
50.Bf7 Ra1+ 51.Kf2 g5 52.Be6 a6 53.bxa6 Rxa6 54.Bd5 Kg7 55.Ke2 Kf6 56.Kd3 Ra1
57.Kc4 Rc1+ 58.Kb4 Rd1 59.Bf3 Rd3 60.Kc4 Rd2 61.Nd4 Ke5 62.Nc6+ Kd6 63.Nd4 Ra2
64.Kb5 Rd2 65.Kc4 Rb2 66.Nb5+ Ke5 67.Nd4 Ra2 68.Nc6+ Kd6 69.Nd4 Ra5 70.Kb4 Rc5
71.Nb3 Rc2 72.Nd4 Rc1 73.Kb5 Rb1+ 74.Kc4 Rc1+ 75.Kb5 Rb1+  1/2-1/2

[Event "Int Open ch-SVK 2012"]
[Site "Banska Stiavnica SVK"]
[Date "2012.07.10"]
[Round "4.10"]
[White "Petenyi,T"]
[Black "Kochetkova,J"]
[Result "1/2-1/2"]
[WhiteElo "2442"]
[BlackElo "2299"]

1.e4 c5 2.Nf3 e6 3.d4 cxd4 4.Nxd4 Nc6 5.Nc3 Qc7 6.Be3 a6 7.Qd2 Nf6 8.f3 Bb4
9.O-O-O Ne5 10.Nb3 b5 11.Bd4 O-O 12.Qg5 Bd6 13.Kb1 Bb7 14.Qe3 Rfc8 15.Bd3 Be7
16.g4 Nc4 17.Bxc4 bxc4 18.Nc1 Bc6 19.g5 Nh5 20.N1e2 Rab8 21.Ka1 e5 22.Ba7 Rb7
23.Bc5 d6 24.Ba3 g6 25.h4 Bf8 26.Nd5 Bxd5 27.Rxd5 Rb6 28.Rhd1 Rcb8 29.c3 Rb5
30.Qd2 Qb6 31.Rxb5  1/2-1/2

[Event "Int Open ch-SVK 2012"]
[Site "Banska Stiavnica SVK"]
[Date "2012.07.10"]
[Round "4.29"]
[White "Kukel,I jr"]
[Black "Cech,D"]
[Result "1-0"]
[WhiteElo "2291"]
[BlackElo "2062"]

1.e4 c5 2.Nf3 e6 3.d4 cxd4 4.Nxd4 Nc6 5.Nc3 Qc7 6.Be3 a6 7.Qd2 Nf6 8.O-O-O Bb4
9.f3 Ne5 10.Kb1 b5 11.Ncxb5 Qa5 12.Nc7+ Qxc7 13.Qxb4 Rb8 14.Qa3 Nc4 15.Bxc4 Qxc4
16.Rd3 Qb4 17.Bf4 Qxa3 18.Rxa3 Rb6 19.Bc7 Rb4 20.Rd1 d5 21.Bd6 Rb6 22.e5 Rxd6
23.exd6 Kd7 24.f4 Ne4 25.c4 dxc4 26.Nf3 f6 27.Ra4 Bb7 28.Rxc4 Bc6 29.f5 e5
30.Nd2 Nxd6 31.Rc2 Nxf5 32.Nb3+ Kc7 33.Na5 Ne3 34.Rxc6+ Kb8 35.Rd7 Nxg2 36.Rb7+  1-0

[Event "6th LCT GpA 2012"]
[Site "Leiden NED"]
[Date "2012.07.10"]
[Round "5.11"]
[White "Pijpers,A"]
[Black "Verstraeten,R"]
[Result "1-0"]
[WhiteElo "2341"]
[BlackElo "2171"]

1.e4 c5 2.Nf3 Nc6 3.d4 cxd4 4.Nxd4 e6 5.Nc3 Qc7 6.Be3 Nf6 7.Be2 d6 8.g4 a6
9.g5 Nd7 10.Qd2 b5 11.f4 Bb7 12.a3 Nc5 13.Bf3 Na5 14.Qf2 Nc4 15.Bc1 e5 16.Nde2 g6
17.b3 Nb6 18.Bb2 Bg7 19.O-O-O exf4 20.Kb1 O-O 21.Nxf4 Ne6 22.Nxe6 fxe6 23.Rd3 Nd7
24.Qg3 Ne5 25.Bg4 Rae8 26.Re3 Nxg4 27.Qxg4 Be5 28.h4 Rf4 29.Qh3 Qg7 30.h5 Bxe4
31.Rxe4 Rxe4 32.Nxe4 Bxb2 33.c3 Bxc3 34.Qxc3 Qxc3 35.Nxc3 d5 36.hxg6 hxg6
37.Kc2 Rf8 38.Re1 Rf2+ 39.Re2 Rxe2+ 40.Nxe2 e5 41.Nc3 d4 42.Nxb5  1-0

[Event "34th Oberwart Open A"]
[Site "Oberwart AUT"]
[Date "2012.07.10"]
[Round "4.36"]
[White "Ehs,Dominik"]
[Black "Ly,Daniel"]
[Result "1/2-1/2"]
[WhiteElo "1977"]
[BlackElo "2069"]

1.e4 c5 2.Nf3 e6 3.d4 cxd4 4.Nxd4 Nc6 5.Nc3 a6 6.g3 Qc7 7.Bg2 d6 8.O-O Be7
9.Re1 Bd7 10.Nxc6 Bxc6 11.Qg4 h5 12.Qe2 Nf6 13.a4 Rc8 14.Bg5 Bd5 15.exd5 e5
16.a5 g6 17.Qg4 O-O 18.Ra4  1/2-1/2

[Event "5th Int ch-Central Serbia 2012"]
[Site "Paracin SRB"]
[Date "2012.07.10"]
[Round "5.40"]
[White "Iliev,Di"]
[Black "Miladinovic,L"]
[Result "0-1"]
[WhiteElo "2137"]
[BlackElo "2078"]

1.e4 c5 2.Nf3 e6 3.d4 cxd4 4.Nxd4 Nc6 5.Nc3 Qc7 6.g3 a6 7.Bg2 d6 8.Nxc6 bxc6
9.O-O Nf6 10.Re1 Nd7 11.b3 Be7 12.Bb2 O-O 13.Ne2 Bb7 14.c4 c5 15.Nf4 Bf6
16.Bxf6 Nxf6 17.Qe2 e5 18.Nh5 Ne8 19.g4 g6 20.Ng3 Ng7 21.Qe3 Ne6 22.Ne2 Rae8
23.Rad1 Nd4 24.Nxd4 exd4 25.Qh6 Qd7 26.Rd3 Re7 27.Rh3 f6 28.Rg3 Rfe8 29.f3 Qc7
30.Qf4 Kg7 31.h4 a5 32.h5 g5 33.h6+ Kf7 34.Qf5 Rh8 35.e5 Rxe5 36.Rxe5 dxe5
37.f4 Bc8 38.Bd5+ Ke7 39.Qe4 gxf4 40.Rf3 Kd6 41.Rxf4 Rf8 42.Rf2 Qd7 43.Rf5 a4
44.b4 cxb4 45.Qe1 Qa7 46.Qxb4+ Qc5 47.Qb8+ Ke7 48.Rf2 d3 49.Qb1 Bxg4 50.Qxd3 f5
51.Qb1 Rd8 52.Qb7+ Rd7 53.Qb8 Qe3 54.Qb4+ Kf6 55.Qxa4 Qg3+ 56.Rg2 Qe3+ 57.Rf2 f4
58.Qb3 Qxb3 59.axb3 Kf5 60.b4 e4 61.b5 e3 62.Rf1 Rd6 63.Bg8 Rxh6 64.c5 e2
65.Re1 f3 66.b6 Kf4 67.Bc4 Ke3 68.Rxe2+ fxe2 69.Bxe2 Bxe2 70.b7 Rg6+ 71.Kh2 Rg8
72.c6 Bf3  0-1

[Event "87th ch-Paris IdF Open"]
[Site "Paris FRA"]
[Date "2012.07.10"]
[Round "4.6"]
[White "Guliyev,N"]
[Black "Pile,R"]
[Result "1-0"]
[WhiteElo "2539"]
[BlackElo "2362"]

1.e4 c5 2.Nf3 e6 3.d4 cxd4 4.Nxd4 Nc6 5.Nc3 Qc7 6.f4 a6 7.Nxc6 Qxc6 8.Bd3 b5
9.Qe2 Bc5 10.e5 Bb7 11.Be4 Qc7 12.Bxb7 Qxb7 13.Ne4 Rc8 14.Bd2 f5 15.Nxc5 Rxc5
16.O-O-O Rc4 17.b3 Qe4 18.Be3 Rc7 19.Rd4 Qc6 20.Rd6 Qe4 21.Qd2 Ne7 22.Bb6 Rc8
23.Ba5 g5 24.fxg5 Qxe5 25.Rd4 Qg7 26.Bc3 Rxc3 27.Qxc3 Qxg5+ 28.Kb1 Qf6 29.Qd2 d5
30.Re1 Kd7 31.Rd3 Rc8 32.Rh3 Qg7 33.Qh6 Qxh6 34.Rxh6 Ng6 35.Rxh7+ Kd6 36.g3 Ne5
37.Ra7 Rc6 38.h4 Ng4 39.h5 e5 40.Rf7 Ke6 41.Rg7 Nf6 42.h6 e4 43.h7 Rc8 44.Rh1 Rh8
45.Rh6  1-0

[Event "87th ch-Paris IdF Open"]
[Site "Paris FRA"]
[Date "2012.07.10"]
[Round "4.7"]
[White "White,Mi"]
[Black "Renet,O"]
[Result "0-1"]
[WhiteElo "2339"]
[BlackElo "2472"]

1.e4 c5 2.Nf3 e6 3.Nc3 Nc6 4.d4 cxd4 5.Nxd4 d6 6.g4 h6 7.Bg2 a6 8.Be3 Nf6
9.h3 Be7 10.f4 Nd7 11.O-O O-O 12.b3 Qc7 13.Nce2 Nc5 14.c4 Bd7 15.Qd2 Rad8
16.b4 Nxd4 17.Bxd4 Bc6 18.Ng3 e5 19.Be3 Ne6 20.f5 Nf4 21.a3 g5 22.Rfd1 b5
23.Rac1 Qb7 24.Rc2 bxc4 25.Rxc4 Bb5 26.Rc3 Rc8 27.Rdc1 Rxc3 28.Qxc3 Bd8 29.Qc8 Qe7
30.Qb8 Qd7 31.Bf1 Bxf1 32.Kxf1 d5 33.Qxe5 Nd3 34.Qxd5 Qxd5 35.exd5 Nxc1 36.Bxc1 Re8
37.Kf2 Bc7 38.Ne2 Rd8 39.Nc3 Be5 40.Bd2 f6 41.Ke3 Kf7 42.Ke4 Re8 43.Kd3 h5
44.a4 hxg4 45.hxg4 Rh8 46.b5 axb5 47.axb5 Rh4 48.Ne4 Rxg4 49.b6 Rh4 50.d6 Rh8
51.Kc4 g4 52.Kd5 g3 53.b7 g2 54.Be3 Bh2 55.Kc6 g1=Q 56.Bxg1 Bxg1 57.Nc5 Bxc5
58.Kxc5 Rb8 59.Kc6 Ke8 60.Kc7 Rxb7+ 61.Kxb7 Kd7 62.Kb6 Kxd6 63.Kb5 Ke5  0-1

[Event "5th Open d'Ille et Vilaine"]
[Site "Rennes FRA"]
[Date "2012.07.10"]
[Round "6.1"]
[White "Le Goff,D"]
[Black "Ivanov,Jo"]
[Result "1-0"]
[WhiteElo "2303"]
[BlackElo "2367"]

1.e4 c5 2.Nf3 e6 3.d4 cxd4 4.Nxd4 Nc6 5.Nc3 Qc7 6.Be2 Nf6 7.Be3 a6 8.O-O Be7
9.f4 d6 10.Kh1 O-O 11.a4 Re8 12.Bf3 Bf8 13.Nb3 Na5 14.Nxa5 Qxa5 15.Qd2 Qc7
16.Rad1 Rb8 17.Ba7 Ra8 18.Qf2 Nd7 19.Bd4 Rb8 20.Ba7 Ra8 21.Bd4 Rb8 22.e5 b6
23.Ne4 d5 24.Ng5 Nc5 25.b3 h6 26.Nh3 b5 27.axb5 axb5 28.g4 Ne4 29.Qg2 Bb7
30.g5 g6 31.gxh6 Bxh6 32.Rc1 b4 33.Rg1 Ra8 34.Bh5 Bg7 35.Ng5 Re7 36.Be2 Bh6
37.Nxf7 Rxf7 38.Qxg6+ Bg7 39.Qxe6 Bc8 40.Qh6 Bf5 41.Qh5 Nc5 42.Rxg7+ Rxg7
43.Qxf5 Rf8 44.Qh5 Ne6 45.Be3 d4 46.Bd2 Rf5 47.Qf3 Qf7 48.Qa8+ Kh7 49.Bd3 Nc5
50.Bxf5+ Qxf5 51.Qf3 Ne4 52.Be1 Rc7 53.Rd1 Rxc2 54.Rxd4 Nc5 55.Rd1 Nxb3 56.Qb7+  1-0

[Event "4th Rethymno Open"]
[Site "Rethymno GRE"]
[Date "2012.07.10"]
[Round "5.25"]
[White "Videnova,I"]
[Black "Stray,G"]
[Result "1-0"]
[WhiteElo "2328"]
[BlackElo "2035"]

1.e4 c5 2.Nf3 e6 3.d4 cxd4 4.Nxd4 Nc6 5.Nc3 Qc7 6.Be3 a6 7.Be2 Nf6 8.O-O Bb4
9.Na4 b5 10.Nxc6 Qxc6 11.Nb6 Rb8 12.e5 Ng8 13.Qd4 Ba5 14.Nxc8 Rxc8 15.Bf3 Qc4
16.Qa7 Ne7 17.Qxa6 Bc7 18.b3 Qc3 19.Qxb5 Qxe5 20.Qxe5 Bxe5 21.Rac1 Bb2 22.Rb1 Bc3
23.Rfd1 d5 24.g4 O-O 25.a4 Nc6 26.Bc5 Rfd8 27.b4 Ne5 28.Be2 Nd7 29.Be3 Ra8
30.Rb3 Rdc8 31.a5 Nb8 32.Bc5 Be5 33.Bb5 Bc7 34.Be3 Be5 35.c4 dxc4 36.Bxc4 h5
37.Be2 hxg4 38.Bxg4 Nc6 39.Bf3 Nxa5 40.Ra3 Nb7 41.Rxa8 Rxa8 42.Bxb7 Rb8 43.Rd7  1-0

[Event "7th Wroclaw Open A"]
[Site "Wroclaw POL"]
[Date "2012.07.10"]
[Round "9.9"]
[White "Wieczorek,O"]
[Black "Szumilas,Pi"]
[Result "1-0"]
[WhiteElo "2284"]
[BlackElo "2196"]

1.e4 c5 2.Nf3 e6 3.d4 cxd4 4.Nxd4 Nc6 5.Nc3 Qc7 6.Be2 a6 7.O-O Nf6 8.Be3 Bb4
9.Na4 O-O 10.c4 Be7 11.Nc3 Rd8 12.f4 d6 13.Rc1 Nxd4 14.Bxd4 Bd7 15.Bd3 Bc6
16.Qf3 Qd7 17.Bb6 Re8 18.Qe2 Bd8 19.Bxd8 Raxd8 20.Rfd1 e5 21.f5 Qc7 22.Kh1 Qe7
23.b4 b6 24.a3 Ra8 25.Rd2 Red8 26.Rcd1 a5 27.b5 Bb7 28.Na4 Qc7 29.Qe3 Nd7
30.f6 Nxf6 31.Nxb6 Rab8 32.Na4 Nd7 33.Be2 Nf6 34.Nc3 h6 35.b6 Qe7 36.Bf3 Bc6
37.h3 Rd7 38.Rd3 Qe6 39.c5 dxc5 40.Rxd7 Bxd7 41.Qxc5 Qxb6 42.Qxe5 Rc8 43.Nd5 Nxd5
44.exd5 Qb3 45.Qe7 Bxh3 46.d6 Qxa3 47.Bd5 Rf8 48.Rf1 Qd3 49.Bxf7+ Kh7 50.Rf3 Qc2
51.Rg3 Qf2 52.Bg6+ Kh8 53.Rxh3 Qf1+ 54.Kh2 Qf4+ 55.Rg3 Rf6 56.Qe8+ Rf8 57.Qe7 Rf6
58.Bf5 Qh4+ 59.Bh3  1-0

[Event "35th Barbera Open A"]
[Site "Barbera del Valles ESP"]
[Date "2012.07.11"]
[Round "8.33"]
[White "Hernandez Moya,Y"]
[Black "Sanchez Dengra,J"]
[Result "1-0"]
[WhiteElo "2177"]
[BlackElo "2002"]

1.e4 c5 2.Nf3 Nc6 3.d4 cxd4 4.Nxd4 e6 5.Nc3 d6 6.Be3 Nf6 7.Be2 Be7 8.O-O O-O
9.f4 a6 10.a4 Qc7 11.Qe1 Bd7 12.Qg3 b6 13.Kh1 Nxd4 14.Bxd4 Bc6 15.Bd3 g6
16.Rae1 Nh5 17.Qf2 Rab8 18.f5 e5 19.Be3 Nf6 20.Qg3 b5 21.axb5 axb5 22.Bh6 Rfe8
23.Qh3 Qd7 24.Rf3 b4 25.Nd5 Bxd5 26.exd5 e4 27.Bxe4 Nxe4 28.fxg6 f5 29.gxh7+ Kh8
30.Rxe4 Bg5 31.Bxg5 Qg7 32.Qxf5 Rxe4 33.Bf6  1-0

[Event "35th Barbera Open A"]
[Site "Barbera del Valles ESP"]
[Date "2012.07.11"]
[Round "8.6"]
[White "Fernandez Cardoso,A"]
[Black "Alsina Leal,D"]
[Result "1-0"]
[WhiteElo "2427"]
[BlackElo "2535"]

1.e4 c5 2.Nf3 e6 3.d4 cxd4 4.Nxd4 Nc6 5.Nc3 Qc7 6.f4 a6 7.Be3 b5 8.Bd3 Bb7
9.Nb3 Nf6 10.O-O d6 11.a4 b4 12.Nb1 Be7 13.N1d2 O-O 14.Kh1 Nd7 15.Nc4 g6
16.a5 Nc5 17.Nxc5 dxc5 18.f5 Ne5 19.Bf4 Bf6 20.Bxe5 Bxe5 21.f6 Rfd8 22.Qg4 Rd4
23.Rae1 b3 24.Qh3 h5 25.c3 Rdd8 26.Qe3 Kh7 27.Bb1 Rh8 28.Qg5 Bd6 29.e5 Bf8
30.Re3 Kg8 31.Rg3 Rh6 32.Nd6 c4 33.Rf4 Bd5 34.Rh4 Kh8 35.Rgh3 Kg8 36.Rxh5 Rxh5
37.Rxh5 Rd8 38.Bxg6 fxg6 39.Qxg6+ Bg7 40.Qh7+ Kf8 41.Qh8+  1-0

[Event "35th Barbera Open A"]
[Site "Barbera del Valles ESP"]
[Date "2012.07.11"]
[Round "8.1"]
[White "Ortiz Suarez,I"]
[Black "Gonzalez Garcia,J2"]
[Result "1-0"]
[WhiteElo "2562"]
[BlackElo "2518"]

1.e4 c5 2.Nf3 e6 3.d4 cxd4 4.Nxd4 Nc6 5.Nc3 Qc7 6.Be3 a6 7.Qd2 Nf6 8.f3 b5
9.g4 h6 10.Nxc6 dxc6 11.O-O-O e5 12.Qf2 Be6 13.Kb1 Be7 14.h4 h5 15.g5 Nd7
16.f4 exf4 17.Bxf4 Qa5 18.Bh3 Nc5 19.Bxe6 Nxe6 20.Be3 b4 21.Nd5 cxd5 22.exd5 O-O
23.dxe6 fxe6 24.Qe2 Qe5 25.Rhe1 a5 26.Qxh5 b3 27.axb3 a4 28.Bd4 Qf5 29.Re5 Qh3  1-0

[Event "Werner-Ott-Open 2012"]
[Site "Berlin GER"]
[Date "2012.07.11"]
[Round "5.6"]
[White "Glantz,R"]
[Black "Burger,H"]
[Result "1-0"]
[WhiteElo "2286"]
[BlackElo "2141"]

1.e4 c5 2.Nf3 e6 3.Nc3 Nc6 4.d4 cxd4 5.Nxd4 Nf6 6.Nxc6 bxc6 7.Bd3 e5 8.O-O d6
9.Kh1 Be7 10.f4 Ng4 11.Qf3 exf4 12.Bxf4 O-O 13.Bc4 Bf6 14.Rad1 Be5 15.Rd2 Qe7
16.Bb3 Bxf4 17.Qxf4 Ne5 18.h3 Be6 19.Rfd1 Bxb3 20.axb3 Rfd8 21.Rd4 Rd7 22.b4 Rad8
23.b5 c5 24.Ra4 Rb7 25.Nd5 Qd7 26.c4 f6 27.b3 Qe6 28.Ra6 Ng6 29.Qf5 Qf7 30.Ne3 Ne7
31.Qf4 Nc8 32.Nf5 Rb6 33.Ra2 Qh5 34.Qf3 Qxf3 35.gxf3 Kf7 36.Rda1 g6 37.Ne3 Rb7
38.Kg2 Re8 39.Nd5 Re5 40.Ra6 f5 41.exf5 Rxf5 42.Rc6 Ne7 43.Nxe7 Rxe7 44.Rxd6 Kg7
45.Rd3 Re2+ 46.Kf1 Re7 47.Rad1 Kh6 48.Kf2 Ref7 49.Rc3 Rh5 50.Rd5 Rxh3 51.Rxc5 g5
52.Re5 g4 53.Ree3 Kg5 54.Kg2 h5 55.c5 Kh4 56.c6 Rg3+ 57.Kf2 Kh3 58.c7 Rg2+
59.Kf1 Rxc7 60.fxg4+  1-0

[Event "FSGM July 2012"]
[Site "Budapest HUN"]
[Date "2012.07.11"]
[Round "5.5"]
[White "Mihok,O"]
[Black "Balazs,G2"]
[Result "1/2-1/2"]
[WhiteElo "2443"]
[BlackElo "2430"]

1.e4 c5 2.Nf3 e6 3.d4 cxd4 4.Nxd4 Nc6 5.Nc3 Qc7 6.Be3 a6 7.Be2 Nf6 8.O-O Bb4
9.Na4 Be7 10.Nxc6 bxc6 11.Nb6 Rb8 12.Nxc8 Qxc8 13.Bd4 c5 14.Be5 Rb6 15.Qd3 d6
16.Bc3 O-O 17.b3 d5 18.exd5 Nxd5 19.Be5 Bf6 20.Bxf6 Nxf6 21.Rfd1 Qc7 22.Bf3 a5
23.Rd2 h6 24.Rad1 Rc8 25.Qc4 Kh7 26.c3 Qe5 27.g3 g6 28.Kg2 h5 29.Re2 Qc7
30.Red2 Qe5 31.h3 Kg7 32.Rd3 Qc7 33.R1d2 Qe5 34.Qa4 c4 35.bxc4 Qc5 36.Re3 Qxc4
37.Qxa5 Rb1 38.Be2 Qc6+ 39.Bf3 Qc4 40.Be2 Qc6+ 41.Bf3  1/2-1/2

[Event "FSGM July 2012"]
[Site "Budapest HUN"]
[Date "2012.07.11"]
[Round "5.2"]
[White "Rodriguez Lopez,Ra"]
[Black "Farago,I"]
[Result "0-1"]
[WhiteElo "2244"]
[BlackElo "2489"]

1.e4 c5 2.Nf3 e6 3.d4 cxd4 4.Nxd4 Nc6 5.Nc3 a6 6.Be3 Nf6 7.f4 Bb4 8.Bd3 Qb6
9.Nf5 Qa5 10.Nxg7+ Kf8 11.O-O Kxg7 12.e5 Nd5 13.Nxd5 Qxd5 14.Kh1 b5 15.Qh5 Bb7
16.f5 h6 17.Bxh6+ Rxh6 18.f6+ Kf8 19.Qxh6+ Ke8 20.Rae1 Kd8 21.Be4 Qd2 22.Qg7 Kc7
23.Qxf7 Nxe5 24.Qh7 Bxe4 25.Qxe4 Nc6 26.Qh7 Qg5 27.Rxe6 Rg8 28.Re2 Rg6 29.f7 Rf6
30.Rd1 Qf4 31.h3 Bd6 32.Rxd6 Qxd6 33.Re1 Qd5 34.Qh4 Rxf7 35.a4 b4 36.c3 b3
37.c4 Qd3 38.Kh2 Qc2 39.Re3 Kb7 40.Qg3 Nd4 41.Rd3 Qxb2 42.Qg4 Rg7 43.Qe4+ Nc6
44.Qf3 Qe5+ 45.Kh1 Qe1+ 46.Kh2 b2 47.Rb3+ Kc7 48.Qf4+ Qe5 49.Qxe5+ Nxe5 50.Rxb2 Nxc4
51.Rc2 d5 52.g4 Kd6 53.Kg3 Kc5 54.h4 d4 55.h5 d3  0-1

[Event "22nd HOF Open 2012"]
[Site "Jyvaskyla FIN"]
[Date "2012.07.11"]
[Round "4"]
[White "Nyysti,S"]
[Black "Ehlvest,J"]
[Result "0-1"]
[WhiteElo "2344"]
[BlackElo "2596"]

1.e4 c5 2.Nf3 e6 3.d4 cxd4 4.Nxd4 Nc6 5.Nc3 a6 6.Nxc6 bxc6 7.Bd3 Qc7 8.O-O Nf6
9.f4 d5 10.Qf3 Bb7 11.Bd2 Be7 12.Rae1 O-O 13.e5 Nd7 14.Qh3 g6 15.f5 exf5
16.Rxf5 Nc5 17.Rf3 Rae8 18.Qh6 Bc8 19.b3 Nxd3 20.cxd3 Bc5+  0-1